书目信息 |
| 题名: |
小橘灯青春励志故事
|
|
| 作者: | 刘素梅 主编 | |
| 分册: | 创业求实卷 | |
| 出版信息: | 北京 中国华侨出版社 2012.10 |
|
| 页数: | 244页 | |
| 开本: | 24cm | |
| 丛书名: | ||
| 单 册: | ||
| 中图分类: | I247.8 , K825.38=76 | |
| 科图分类: | ||
| 主题词: | 故事--作品集--中国--当代 , 企业家--生平事迹--中国--现代 , 故事 , 企业家 | |
| 电子资源: | ||
| ISBN: | 978-7-5113-2812-0 | |
| 000 | 00933nam0 2200277 450 | |
| 001 | 0102100433 | |
| 005 | 20210402100823.0 | |
| 010 | @a978-7-5113-2812-0@dCNY45.00 | |
| 100 | @a20121116e20212012em y0chiy50 ea | |
| 101 | 0 | @achi |
| 102 | @aCN@b110000 | |
| 105 | @ay z 000fd | |
| 106 | @ar | |
| 200 | 1 | @a小橘灯青春励志故事@Axiao ju deng qing chun li zhi gu shi@i创业求实卷@f刘素梅主编 |
| 210 | @a北京@c中国华侨出版社@d2012.10@h2021.02 | |
| 215 | @a244页@d24cm | |
| 330 | @a本书选取的励志人物是那些立志为人类为国家创造财富的成功企业家和杰出劳动者,讲述了他们克服困难,坚持不懈的用自己的双手建设国家,让人民过上幸福生活的事迹。 | |
| 606 | 0 | @a故事@x作品集@y中国@z当代 |
| 606 | 0 | @a企业家@x生平事迹@y中国@z现代 |
| 606 | 0 | @a故事 |
| 606 | 0 | @a企业家 |
| 690 | @aI247.8@v5 | |
| 690 | @aK825.38=76@v5 | |
| 701 | 0 | @a刘素梅@Aliu su mei@c(中学)@4主编 |
| 801 | 0 | @aCN@bBJSZM@c20210402 |
| 905 | @b1277686-90@dI247.8@e986@f5 | |
| 小橘灯青春励志故事.创业求实卷/刘素梅主编.-北京:中国华侨出版社,2012.10(2021.02) |
| 244页;24cm |
| ISBN 978-7-5113-2812-0:CNY45.00 |
| 本书选取的励志人物是那些立志为人类为国家创造财富的成功企业家和杰出劳动者,讲述了他们克服困难,坚持不懈的用自己的双手建设国家,让人民过上幸福生活的事迹。 |
| ● |
| 相关链接 |
|
|
|
|
正题名:小橘灯青春励志故事
索取号:I247.8/986
 
预约/预借
| 序号 | 登录号 | 条形码 | 馆藏地/架位号 | 状态 | 备注 |
| 1 | 1277686 | 212776860 | 第一样本阅览室/ [索取号:I247.8/986] | 在馆 | |
| 2 | 1277687 | 212776879 | 教育系资料室/ [索取号:I247.8/986] | 在馆 | |
| 3 | 1277688 | 212776888 | 教育系资料室/ [索取号:I247.8/986] | 在馆 | |
| 4 | 1277689 | 212776897 | 第二借阅区/ [索取号:I247.8/986] | 在馆 | |
| 5 | 1277690 | 212776904 | 第二借阅区/ [索取号:I247.8/986] | 在馆 |